Welcome to CU Library Online Public Access Catalogue (OPAC)

Information technology law / (Record no. 99)

MARC details
000 -LEADER
fixed length control field 01071cam a2200277 i 4500
001 - CONTROL NUMBER
control field 21347430
005 - DATE AND TIME OF LATEST TRANSACTION
control field 20241021111207.0
008 - FIXED-LENGTH DATA ELEMENTS--GENERAL INFORMATION
fixed length control field 191230s2020 enka b 001 0 eng d
020 ## - INTERNATIONAL STANDARD BOOK NUMBER
International Standard Book Number 9780198830559
Qualifying information (paperback)
020 ## - INTERNATIONAL STANDARD BOOK NUMBER
International Standard Book Number 0198830556
Qualifying information (paperback)
050 00 - LIBRARY OF CONGRESS CALL NUMBER
Classification number KD667.C65 / .C65L58
Item number L58 2020
082 04 - DEWEY DECIMAL CLASSIFICATION NUMBER
Classification number 343.410999
Edition information 23
100 1# - MAIN ENTRY--PERSONAL NAME
Personal name Lloyd, Ian J.,
Relator term author.
245 10 - TITLE STATEMENT
Title Information technology law /
Statement of responsibility, etc. Ian J. Lloyd.
250 ## - EDITION STATEMENT
Edition statement Ninth edition.
260 ## - PUBLICATION, DISTRIBUTION, ETC.
Place of publication, distribution, etc. Oxford, United Kingdom
-- New York
Name of publisher, distributor, etc. Oxford University Press
Date of publication, distribution, etc. c2020
300 ## - PHYSICAL DESCRIPTION
Extent xi, 483 pages :
Other physical details illustrations ;
Dimensions 25 cm
500 ## - GENERAL NOTE
General note Previous edition: 2017.
650 #0 - SUBJECT ADDED ENTRY--TOPICAL TERM
Topical term or geographic name entry element Computers
General subdivision Law and legislation
Geographic subdivision Great Britain.
650 #0 - SUBJECT ADDED ENTRY--TOPICAL TERM
Topical term or geographic name entry element Information technology
General subdivision Law and legislation
Geographic subdivision Great Britain.
650 #0 - SUBJECT ADDED ENTRY--TOPICAL TERM
Topical term or geographic name entry element Computers
General subdivision Law and legislation.
650 #0 - SUBJECT ADDED ENTRY--TOPICAL TERM
Topical term or geographic name entry element Information technology
General subdivision Law and legislation.
650 #7 - SUBJECT ADDED ENTRY--TOPICAL TERM
Topical term or geographic name entry element Computers
General subdivision Law and legislation.
Source of heading or term fast
Authority record control number or standard number (OCoLC)fst00872821
650 #7 - SUBJECT ADDED ENTRY--TOPICAL TERM
Topical term or geographic name entry element Information technology
General subdivision Law and legislation.
Source of heading or term fast
Authority record control number or standard number (OCoLC)fst00973111
942 ## - ADDED ENTRY ELEMENTS (KOHA)
Source of classification or shelving scheme Dewey Decimal Classification
Koha item type Books
Edition Ninth Edition
Suppress in OPAC No
999 ## -
-- 99
-- 99
Holdings
Withdrawn status Lost status Source of classification or shelving scheme Damaged status Not for loan Collection Home library Current library Shelving location Date acquired Total checkouts Full call number Barcode Date last seen Copy number Price effective from Koha item type
    Library of Congress Classification     Non-fiction Law Library (Miotso) Law Library (Miotso) Reference 10/21/2024   KD667.C65L58 LLO llm00000183 10/21/2024 1 10/21/2024 Books
© 2023-2024 Copyright: Central University Libraries. All Rights Reserved | Created by: Mahone Tech Office